000 00511nam a22001937a 4500
003 CEME
005 20210628205017.0
008 210222b xxu||||| |||| 00| 0 eng d
020 _a0-824709719-1
040 _c.
082 _a621.3692 MUR'H
100 _aMurata, Hirshi
_973375
245 _aHandbook of optical fibers and cables
250 _a2ND
260 _aNEWYORK
_bMARCEL DEKKER
_c1996
300 _a532P
650 _aOPTICAL ENGINEERING OPTICAL FIBER HANDBOOK MANUALS
_973376
942 _cBK
_2ddc
999 _c579136
_d579136